Loading...
| Science - Physics | 0 | 2 | 0 | 0 | 20 | 128 | 133.00 | 0 | 0 | 0.00 | 0.00 |
| Fine Arts - Visual | 0 | 1 | 0 | 0 | 10 | 114 | 114.00 | 0 | 1 | 0.00 | 0.00 |
| 0 | 1 | 0 | 0 | 10 | 112 | 112.00 | 1 | 1 | 0.00 | 0.00 | |
| Other Academic | 0 | 1 | 0 | 0 | 10 | 101 | 101.00 | 1 | 1 | 0.00 | 0.00 |
| Other Science: Astronomy | 0 | 1 | 0 | 1 | 10 | 137 | 137.00 | 0 | 0 | 0.00 | 0.00 |
| Other Science: Earth Science | 0 | 1 | 0 | 0 | 10 | 151 | 151.00 | 0 | 1 | 0.00 | 0.00 |
| Science - Biology | 0 | 1 | 0 | 1 | 10 | 142 | 142.00 | 0 | 0 | 2.27 | 9.09 |
| World and Other Literature | 0 | 1 | 0 | 0 | 10 | 107 | 107.00 | 1 | 1 | 0.00 | 0.00 |
| British and Commonwealth History | 0 | 1 | 0 | 0 | 10 | 120 | 120.00 | 1 | 1 | 0.00 | 0.00 |
| History - American | 0 | 1 | 0 | 1 | 10 | 137 | 137.00 | 0 | 1 | 0.00 | 0.00 |
| History - World | 0 | 1 | 0 | 0 | 10 | 107 | 107.00 | 0 | 1 | 2.79 | 10.61 |
| Literature - American | 0 | 1 | 0 | 0 | 10 | 136 | 136.00 | 0 | 1 | 0.00 | 0.00 |
| Literature - European | 0 | 1 | 0 | 0 | 10 | 134 | 134.00 | 0 | 1 | 0.00 | 0.00 |
| Other Science: Math | 0 | 0 | 0 | 0 | 0 | 0.00 | 0 | 0 | 0.00 | 0.00 | |
| Literature - British | 0 | 0 | 0 | 0 | 0 | 0.00 | 0 | 0 | 0.00 | 0.00 | |
| Geography | 0 | 0 | 1 | 0 | -5 | 0.00 | 0 | 0 | 0.00 | 0.00 | |
| Science - Chemistry | 0 | 0 | 1 | 0 | -5 | 0.00 | 0 | 0 | 5.33 | 16.67 | |
| History - European | 0 | 0 | 1 | 0 | -5 | 0.00 | 0 | 0 | 1.40 | 12.12 | |
| Chemistry> | 0 | 0 | 1 | 0 | -5 | 0.00 | 0 | 0 | 0.00 | 0.00 |